000 00286nam a22001337a 4500
008 170717b xxu||||| |||| 00| 0 eng d
020 _a9780385476959
041 _aeng
080 _a2
100 _a24
101 _aTEO
245 _aTHE BIBLE TELLIS ME SO
_cHILL,J
942 _2udc
_cBK
999 _c21272
_d21272